|
|
|
|
| LEADER |
00000cam a2200000 a 4500 |
| 001 |
vtls001457471 |
| 003 |
SK-MaSNL |
| 005 |
20260301104105.0 |
| 008 |
240226s2003 xo dl ernp 000 0 slo |
| 015 |
|
|
|a SNBA2003/12-04642
|
| 020 |
|
|
|a 8022718750
|
| 035 |
|
|
|a SNK000412778
|
| 035 |
|
|
|a urn:nbn:sk:snk-am3j1bu
|
| 035 |
|
|
|a E644F2DA-167C-4D2B-879C-DBCD67540391
|
| 035 |
|
|
|a urn:nbn:sk:snk-am00gl1e
|
| 040 |
|
|
|a SNK
|b slo
|c SNK
|e AACR2
|
| 041 |
0 |
|
|a slo
|
| 044 |
|
|
|a xo
|c SK
|
| 072 |
|
7 |
|a 621.39
|x Oznamovacia technika
|2 konspekt
|
| 080 |
|
|
|a 621.391
|2 2011
|
| 080 |
|
|
|a 621.391.8
|2 2011
|
| 080 |
|
|
|a (075.8)
|2 2011
|
| 100 |
1 |
|
|a Ondráček, Oldřich,
|d 1950-
|4 aut
|9 209035
|
| 245 |
1 |
0 |
|a Signály a sústavy
|c Oldřich Ondráček
|
| 250 |
|
|
|a 2. opravené vydanie
|
| 260 |
|
|
|a V Bratislave
|b Slovenská technická univerzita
|c 2003
|
| 300 |
|
|
|a 341 strán
|b grafy, schémy, tabuľky
|c 25 cm
|
| 366 |
|
|
|e 200 kusov
|
| 490 |
1 |
|
|a Edícia vysokoškolských učebníc
|
| 504 |
|
|
|a Bibliografia na strane 333-334 ; register
|
| 650 |
0 |
7 |
|a signály
|2 SNKPH
|9 3970
|
| 650 |
0 |
7 |
|a spracovanie signálov
|2 SNKPH
|9 3973
|
| 655 |
|
7 |
|a učebnice vysokých škôl
|2 SNKPH
|9 70191
|
| 752 |
|
|
|a Slovensko
|d Bratislava
|
| 810 |
2 |
|
|a Slovenská technická univerzita v Bratislave
|t Edícia vysokoškolských učebníc
|9 155858
|
| 919 |
|
|
|a 80-227-1875-0
|
| 958 |
|
|
|a NB
|
| 958 |
|
|
|a OND
|
| 999 |
|
|
|c 697217
|d 699147
|
| 952 |
|
|
|a SNK
|b SNK
|y PREZ
|7 0
|p 17A0392246
|o snkSC 112408
|i snkKSP 9222/2003
|0 0
|1 0
|4 0
|d 2003-07-29
|f 1
|l 0
|r 2025-10-02 00:00:00
|w 2026-02-23
|
| 952 |
|
|
|a SNK
|b SNK
|y VYP
|7 0
|p 17A0392247
|o snkSC 112408 D1
|i snkKSP 9223/2003
|0 0
|1 0
|4 0
|d 2003-07-29
|l 0
|r 2005-01-02 00:00:00
|w 2026-02-23
|